000 00413nam a2200181Ia 4500
001 18293
005 20260306171620.0
008 260306s9999||||xx |||||||||||||| ||und||
041 _aESP
082 _a658.402
_bR71 2013
100 _aRobbins, Stephen P.
_eAUT
245 0 _aComportamiento organizacional
260 _c2013
300 _a
_c
650 _aGEN
654 _aCAN
942 _cLIB
_dJUS
_fJUS
_2ddc
_n
999 _c18293
_d18293